| 000 | 00734cam a22002531 4500 | ||
|---|---|---|---|
| 001 | 2172332 | ||
| 003 | ARRUPE | ||
| 005 | 20220520081221.0 | ||
| 008 | 731207s1967 nyu b 000 0 eng | ||
| 010 | _a 67030321 | ||
| 040 |
_aDLC _cDLC _dDLC |
||
| 043 | _af------ | ||
| 050 | 0 | 0 |
_aBX1675 _b.H3 1967b |
| 082 | 0 | 0 | _a266.2/67 |
| 100 | 1 | _aHastings, Adrian. | |
| 245 | 1 | 0 |
_aChurch and mission in modern Africa. _cAdrian Hastings |
| 260 |
_aLondon _bBurns and Oates _c[1967] |
||
| 300 |
_a263 p. _c23 cm. |
||
| 504 | _aBibliographical footnotes. | ||
| 610 | 2 | 0 |
_aCatholic Church _zAfrica. |
| 610 | 2 | 0 |
_aCatholic Church _xMissions _zAfrica. _951707 |
| 906 |
_a7 _bcbc _corignew _du _eocip _f19 _gy-gencatlg |
||
| 942 |
_2lcc _cMONOGRAPH |
||
| 999 |
_c131474 _d131474 |
||